| 000 | 00526nam a2200157 a 4500 | ||
|---|---|---|---|
| 008 | 120416s0000 ||||||||||||||||| || u | ||
| 020 | _a9291300152 | ||
| 050 | _aHT 148 Gay | ||
| 100 | _aGaye, Malick | ||
| 245 | 1 | 0 | _aEntrepreneurial cities |
| 246 | _apublic srervices at the grassroots | ||
| 260 |
_aDakar _bENDA _c1996 |
||
| 300 | _a164p. : ill. | ||
| 350 | _a0.00 | ||
| 995 |
_D0.00 _FCBU-MAIN LIBRARY (Kitwe) _H1 _I0.00 _M1 _UAVAILABLE _ZMain Library Open Access Collection |
||
| 999 |
_c42111 _d42111 |
||